ბათუმის შოთა რუსთაველის სახელმწიფო უნივერსიტეტის ბიბლიოთეკა

Очистка и разделение нефтяного сырья,производство товарных нефтепродуктов. (ბიბ.ჩანაწერი № 37126)

000 -LEADER
fixed length control field 00788nam a2200241Ia 4500
001 - CONTROL NUMBER
control field 3082
003 - CONTROL NUMBER IDENTIFIER
control field GE_BSU
008 - FIXED-LENGTH DATA ELEMENTS--GENERAL INFORMATION
fixed length control field 181216s||||||||xx |||||||||||||| ||und||
040 ## - CATALOGING SOURCE
Transcribing agency GE_BSU
080 ## - UNIVERSAL DECIMAL CLASSIFICATION NUMBER
Universal Decimal Classification number 665.63(075.8)
100 ## - MAIN ENTRY--PERSONAL NAME
Personal name Черножуков,Н.И
245 ## - TITLE STATEMENT
Title Очистка и разделение нефтяного сырья,производство товарных нефтепродуктов.
245 ## - TITLE STATEMENT
Remainder of title Технология переработки нефти и газа часть 3
245 ## - TITLE STATEMENT
Statement of responsibility, etc. Под.Ред.А.А.Гуреева,Б.И.Бондаренко
250 ## - EDITION STATEMENT
Edition statement Изд 6-ое.Перераб.и доп.
260 ## - PUBLICATION, DISTRIBUTION, ETC.
Place of publication, distribution, etc. М
260 ## - PUBLICATION, DISTRIBUTION, ETC.
Name of publisher, distributor, etc. Химия
260 ## - PUBLICATION, DISTRIBUTION, ETC.
Date of publication, distribution, etc. 1978
300 ## - PHYSICAL DESCRIPTION
Extent 424стр.
300 ## - PHYSICAL DESCRIPTION
Other physical details илл.
300 ## - PHYSICAL DESCRIPTION
Dimensions 21см.
942 ## - ADDED ENTRY ELEMENTS (KOHA)
Koha item type წიგნი
ეგზემპლარები
Withdrawn status Lost status Damaged status Not for loan Date acquired Barcode Date last seen Price effective from Koha item type
        2018-12-17 8573 2018-12-17 2018-12-17 წიგნი
        2018-12-17 8574 2018-12-17 2018-12-17 წიგნი